Justin Timberlake Movies - Statistics

General Stats
  • This quiz has been taken 23 times
  • The average score is 5 of 40
Answer Stats
Year Movie % Correct
2016 Trolls
84%
2010 The Social Network
63%
2020 Trolls World Tour
58%
2011 Bad Teacher
47%
2011 In Time
42%
2006 Alpha Dog
37%
2011 Friends With Benefits
37%
2007 Shrek the Third
37%
2006 Southland Tales
26%
2013 Inside Llewyn Davis
21%
2012 Trouble With the Curve
16%
2006 Black Snake Moan
11%
2013 Runner Runner
11%
2008 The Love Guru
11%
2003 Bad Boys II
5%
2021 Palmer
5%
2004 Shark Tale
5%
2010 Yogi Bear
5%
2010 Alpha and Omega
0%
2016 Alpha and Omega 7: The Big Fureeze
0%
2005 Edison
0%
2008 Get Smart
0%
2005 Guess Who
0%
2011 Happy Feet Two
0%
1998 I'll Be Home For Christmas
0%
2001 Jimmy Neutron: Boy Genius
0%
2017 Lady Bird
0%
2001 Longshot
0%
2003 Love Actually
0%
2000 Model Behavior
0%
2015 My Worst Best Friend
0%
2001 On the Line
0%
2016 Popstar: Never Stop Never Stopping
0%
2022 Reptile
0%
2013 Robin Hood und ich
0%
2016 Sheep and Wolves
0%
2008 Step Up 2: The Streets
0%
2016 The Book of Love
0%
2009 The Open Road
0%
2017 Wonder Wheel
0%
No matching quizzes found
Score Distribution
Percent of People with Each Score
Percentile by Number Answered
Your Score History
You have not taken this quiz